00717nam a22001937a 450000500170000001000310001702000190004802000270006702000260009403500190012003700130013908200110015210000190016324501300018226000580031227000660037030000470043650000400048320100809152538.0 aENG-99060 ENG-101357 a9788172086886  a9788172087043 c140.00 a9788172087395c100.00 aEN-82592-84890 bDBAD/PUB a230.35 aRoof, Jonathan aPathways to God :ban advanced study guide to select teachings of Sri Sathya Sai Baba on self-realisation /cby Jonathan Roof aPrasanthi NilayambSri Sathya Sai Sadhana Trustc2009 aAnantapur District, Andhra PradeshbPrasanthi Nilayame515134 aV.3 (xii,345p, ix,207p)c22cm (pbk)ephoto aIncludes bibliographical references